[Event "Budapest FS06 FM-B"]
[Site "Budapest"]
[Date "2008.06.09"]
[Round "3"]
[White "Mendege, Andras"]
[Black "Kantor, Tamas"]
[Result "1/2-1/2"]
[WhiteElo "1852"]
[BlackElo "1785"]
[PlyCount "81"]
[EventDate "2008.06.07"]
[EventType "tourn"]
[EventRounds "10"]
[EventCountry "HUN"]
[SourceTitle "CBM 125 Extra"]
[Source "ChessBase"]
[SourceDate "2008.09.01"]
[SourceVersion "1"]
[SourceVersionDate "2008.09.01"]
[SourceQuality "1"]

1. e4 e5 2. Nf3 Nc6 3. Bb5 a6 4. Ba4 Nf6 5. 0-0 b5 6. Bb3 Be7 7. Re1 d6 8. c3 Bg4 9. h3 Bh5 10. d3 Na5 11. Bc2 c5 12. Nbd2 Nc6 13. Nf1 0-0 14. Ng3 Bg6 15. Nh4 Nd7 16. Nhf5 Nb6 17. Qg4 b4 18. h4 Bf6 19. h5 Bxf5 20. exf5 Kh8 21. Ne4 h6 22. Qf3 Rc8 23. Be3 bxc3 24. bxc3 Nd5 25. Bd2 Nb6 26. Reb1 Kh7 27. Nxf6+ gxf6 28. Qe3 Rh8 29. g4 Kg7 30. a4 Nd5 31. Qe2 a5 32. Bb3 Nde7 33. Bc4 d5 34. Bb5 d4 35. c4 Nb4 36. Bxb4 cxb4 37. Qe4 Qc7 38. Rc1 Qb6 39. Rab1 Rc5 40. f4 Rd8 41. Re1 1/2-1/2

[Event "SVK-ch U14"]
[Site "Liptovsky Mikulas"]
[Date "2007.04.25"]
[Round "6"]
[White "Solik, Rudolf"]
[Black "Kantor, Tamas"]
[Result "1-0"]
[WhiteElo "1632"]
[BlackElo "1517"]
[PlyCount "85"]
[EventDate "2007.04.22"]
[EventType "swiss"]
[EventRounds "9"]
[EventCountry "SVK"]
[SourceTitle "EXT 2008"]
[Source "ChessBase"]
[SourceDate "2007.11.25"]
[SourceVersion "1"]
[SourceVersionDate "2007.11.25"]
[SourceQuality "1"]

1. e4 c5 2. Nf3 Nc6 3. d4 cxd4 4. Nxd4 Nf6 5. Nc3 e5 6. Ndb5 d6 7. Bg5 a6 8. Na3 b5 9. Bxf6 gxf6 10. Nd5 Bg7 11. c4 b4 12. Nc2 a5 13. Be2 f5 14. Bf3 fxe4 15. Bxe4 0-0 16. Ndxb4 axb4 17. Bxc6 Rb8 18. Bd5 e4 19. Qc1 Be6 20. Ne3 Bxd5 21. Nxd5 Re8 22. 0-0 Re6 23. Rb1 Be5 24. Qe3 f5 25. f4 exf3 26. Qxf3 Qh4 27. Nf4 Bd4+ 28. Kh1 Re4 29. Qg3+ Qxg3 30. hxg3 Be5 31. b3 Ra8 32. Rf2 Bc3 33. Nd5 Re5 34. Rxf5 Rxa2 35. Rxe5 Bxe5 36. Nxb4 Rd2 37. g4 Rd4 38. Nc6 Rxg4 39. Nxe5 dxe5 40. c5 Rg6 41. b4 e4 42. b5 e3 43. b6 1-0

[Event "SVK-ch U14"]
[Site "Liptovsky Mikulas"]
[Date "2005.04.12"]
[Round "3"]
[White "Kral, David"]
[Black "Kantor, Tamas"]
[Result "0-1"]
[WhiteElo "1417"]
[BlackElo "1423"]
[PlyCount "112"]
[EventDate "2005.04.11"]
[EventType "swiss"]
[EventRounds "9"]
[EventCountry "SVK"]
[SourceTitle "EXT 2008"]
[Source "ChessBase"]
[SourceDate "2007.11.25"]
[SourceVersion "1"]
[SourceVersionDate "2007.11.25"]
[SourceQuality "1"]

1. e4 c5 2. Bc4 d6 3. Qh5 g6 4. Qf3 Nf6 5. Nc3 Bg7 6. Qd1 Nc6 7. Nf3 0-0 8. 0-0 Bg4 9. Be2 Bxf3 10. Bxf3 Qd7 11. Ne2 Qe6 12. d3 c4 13. Bg5 h6 14. Bxf6 Qxf6 15. c3 cxd3 16. Qxd3 Ne5 17. Qe3 Nc4 18. Qf4 Qxf4 19. Nxf4 Nxb2 20. Rac1 Nc4 21. Be2 Nd2 22. Rfd1 Nxe4 23. c4 Bb2 24. Rc2 Be5 25. Nd5 e6 26. Ne3 Rac8 27. Rdc1 Rc5 28. g3 Rfc8 29. Bf3 f5 30. Bxe4 fxe4 31. Kg2 Bd4 32. Nd1 b5 33. Nb2 d5 34. Kf1 e3 35. fxe3 Bxe3 36. Re1 Rf8+ 37. Kg2 d4 38. Nd1 d3 39. Rc3 Bd2 40. Rxe6 Bxc3 41. Nxc3 Rxc4 42. Nxb5 Rc2+ 43. Kh3 Rxa2 44. Rd6 d2 45. Nc3 Rc2 46. Nd1 a5 47. Nc3 Rxc3 48. Rxd2 a4 49. Ra2 Ra8 50. Kg4 a3 51. h4 Rc2 52. Rxc2 a2 53. Rc1 a1Q 54. Rxa1 Rxa1 55. h5 Ra4+ 56. Kh3 gxh5 0-1